00415 2200181 4500001002100000005001500021035002000036245002400056100001400080250000600094300003500100260003200135082000800167084001400175020002200189600001000211990001200221INLIS00000000000196920250523105854 a0010-05250002611 aAmelia /cTere Liye0 aTere Liye a1 a391 :bIlust ;c13,5 x 19,5 cm aJakarta :bRepublika,c2013 a813 a813 TER a a978-602-8997-73-7 4aFiksi a0754542